000 00306nam a22000977a 4500
008 130906b xxu||||| |||| 00| 0 eng d
010 _aHCCSF-119
245 _aHigh Court Civil Suit No. 1650 of 1976 Ahmed Mohammed vs Justice M. Wamala
260 _aUganda High Court
_c25/3/1977
500 _3Justice D.L.K. Lubogo
999 _c5733
_d5733